000 00667nam a22002177a 4500
999 _c16597
_d16597
003 OSt
005 20171102122012.0
008 171102b xxu||||| |||| 00| 0 eng d
020 _a996622503X
040 _aKABU
_cKABU
050 _aPL8702
_b.B85 2006
100 _aBuliba, Aswani
245 _aIsimujamii kwa wanafunzi wa Kiswahili /
_cAswani Buliba, Kimani Njogu, Alice Mwihaki
260 _aNairobi
_bJomo Kenyatta Foundation
_c2006
300 _avii, 148 p.
650 _aSwahili language
_xPhonology
650 _aSwahili language
_xPhonetics
700 _aNjogu, Kimani
700 _aMwihaki, Alice
942 _2lcc
_cBK
_hPL8702
_i.B85 2006